[Event "Toronto-ch"]
[Site "Toronto CAN"]
[Date "2000.03.05"]
[Round "8"]
[White "Loo, Kent"]
[Black "Langen, Roger"]
[Result "1-0"]
[WhiteElo "2214"]
[BlackElo "2238"]
[PlyCount "31"]
[GameId "2160767911741354"]
[EventDate "2000.02.09"]
[EventType "tourn"]
[EventRounds "10"]
[EventCountry "CAN"]

1. c4 e5 2. g3 Nf6 3. Bg2 d5 4. cxd5 Nxd5 5. Nf3 Nc6 6. O-O Be7 7. d4 exd4 8. Nxd4 Nxd4 9. Qxd4 Nb4 10. Qxg7 Bf6 11. Qh6 Nc2 12. Nc3 c6 13. Ne4 Be5 14. Bg5 Qc7 15. Nf6+ Bxf6 16. Bxf6 1-0

[Event "Toronto-ch"]
[Site "Toronto CAN"]
[Date "2000.03.03"]
[Round "9"]
[White "Langen, Roger"]
[Black "Bluvshtein, Mark"]
[Result "0-1"]
[WhiteElo "2238"]
[BlackElo "2269"]
[PlyCount "44"]
[GameId "2160767911741356"]
[EventDate "2000.02.09"]
[EventType "tourn"]
[EventRounds "10"]
[EventCountry "CAN"]

1. c4 Nf6 2. Nc3 e6 3. e4 d5 4. e5 Ne4 5. Nxe4 dxe4 6. Qg4 Qd4 7. Nf3 Qb6 8. Qxe4 Bc5 9. d4 Bb4+ 10. Kd1 Nc6 11. c5 Qa5 12. a3 Bd7 13. Rb1 Bxc5 14. dxc5 Qxc5 15. Be3 Qa5 16. Bd3 O-O-O 17. Ke2 f5 18. Qc4 f4 19. Bxf4 Rhf8 20. Bd2 Qb6 21. Be3 Qa5 22. Qb5 Nd4+ 0-1

[Event "Toronto-ch"]
[Site "Toronto CAN"]
[Date "2000.03.03"]
[Round "9"]
[White "Paterson, Jim"]
[Black "Teodoro, Roderick"]
[Result "0-1"]
[WhiteElo "2078"]
[BlackElo "2240"]
[PlyCount "98"]
[GameId "2160767911741357"]
[EventDate "2000.02.09"]
[EventType "tourn"]
[EventRounds "10"]
[EventCountry "CAN"]

1. e4 c5 2. Nf3 e6 3. Nc3 Nc6 4. d3 d6 5. g3 b6 6. Bg2 Bb7 7. O-O Nf6 8. Be3 a6 9. d4 cxd4 10. Nxd4 Qc7 11. Nxc6 Bxc6 12. Qe2 Be7 13. Rfe1 O-O 14. Rad1 Qb7 15. Bg5 Rfd8 16. f4 Rd7 17. e5 dxe5 18. Rxd7 Bc5+ 19. Kf1 Nxd7 20. Be4 f5 21. Bg2 h6 22. Bh4 Bxg2+ 23. Qxg2 Qxg2+ 24. Kxg2 e4 25. g4 g6 26. Rd1 Ra7 27. h3 Kf7 28. Bg3 Rc7 29. Ne2 Nf6 30. gxf5 exf5 31. c3 Ke6 32. Bf2 Nd5 33. Bxc5 bxc5 34. Kf2 g5 35. fxg5 hxg5 36. Rg1 Kf6 37. Rd1 Ke6 38. Rg1 Rg7 39. h4 g4 40. Kg3 Ke5 41. Rf1 e3 42. Re1 f4+ 43. Nxf4 Nxf4 44. Rxe3+ Kf5 45. Re8 Nh5+ 46. Kg2 g3 47. Re1 Kg4 48. Re4+ Nf4+ 49. Kg1 Kf3 0-1

[Event "Toronto-ch"]
[Site "Toronto CAN"]
[Date "2000.03.03"]
[Round "9"]
[White "Peredun, Andrew"]
[Black "Loo, Kent"]
[Result "1-0"]
[WhiteElo "2255"]
[BlackElo "2214"]
[PlyCount "105"]
[GameId "2160767911741358"]
[EventDate "2000.02.09"]
[EventType "tourn"]
[EventRounds "10"]
[EventCountry "CAN"]

1. e4 e5 2. Bc4 Nf6 3. d3 d6 4. Nc3 Bg4 5. Nge2 Nc6 6. h3 Be6 7. Bxe6 fxe6 8. O-O Be7 9. f4 O-O 10. fxe5 dxe5 11. Be3 Qe8 12. Qd2 Qg6 13. Rf3 Nh5 14. Raf1 Rf6 15. Rxf6 Bxf6 16. g4 Bh4 17. Kh2 Nf6 18. Ng1 Nd4 19. Nf3 Nxf3+ 20. Rxf3 h6 21. Nb5 Rd8 22. Nxc7 Nxe4 23. Qe2 Rd7 24. dxe4 Rxc7 25. Bxa7 Bg5 26. Bf2 Qe8 27. c4 Rd7 28. Rd3 Bf4+ 29. Kg2 Qd8 30. Rxd7 Qxd7 31. b3 Kh7 32. a4 Kg8 33. c5 Kf7 34. Qc2 Qc6 35. b4 h5 36. b5 Qc8 37. c6 hxg4 38. hxg4 bxc6 39. Qxc6 Qh8 40. Qd7+ Kf6 41. Bh4+ Bg5 42. Bxg5+ Kxg5 43. Qxe6 Kf4 44. Qf5+ Ke3 45. Qxe5 Qc8 46. Kg3 Qc2 47. Qf4+ Kd3 48. e5 Qc7 49. e6 Qe7 50. Qe5 Qa7 51. e7 Qg1+ 52. Kh4 Qh1+ 53. Kg5 1-0

[Event "Toronto-ch"]
[Site "Toronto CAN"]
[Date "2000.03.03"]
[Round "9"]
[White "Teodoro, Eduardo"]
[Black "Hunter, Mory"]
[Result "1-0"]
[WhiteElo "2437"]
[BlackElo "2059"]
[PlyCount "63"]
[GameId "2160767911741359"]
[EventDate "2000.02.09"]
[EventType "tourn"]
[EventRounds "10"]
[EventCountry "CAN"]

1. e4 c6 2. d4 d5 3. e5 Bf5 4. g4 Bd7 5. Bd3 e6 6. h4 c5 7. c3 Nc6 8. Nf3 Qc7 9. Na3 a6 10. Nc2 Na7 11. h5 Bb5 12. Bxb5+ Nxb5 13. Qe2 Rc8 14. Kf1 cxd4 15. Nfxd4 Nxd4 16. Nxd4 Qc4 17. Be3 Qxe2+ 18. Kxe2 Bc5 19. Nc2 b6 20. f4 Ne7 21. Bd4 Nc6 22. Rad1 Nxd4+ 23. Nxd4 b5 24. Nf3 Ke7 25. f5 h6 26. Rhf1 Ba7 27. Nh4 Rhg8 28. fxe6 Kxe6 29. Nf5 Rc4 30. Kf3 Kxe5 31. Rfe1+ Re4 32. Ne7 1-0

[Event "Toronto-ch"]
[Site "Toronto CAN"]
[Date "2000.03.06"]
[Round "10"]
[White "Bluvshtein, Mark"]
[Black "Peredun, Andrew"]
[Result "1/2-1/2"]
[WhiteElo "2252"]
[BlackElo "2255"]
[PlyCount "39"]
[GameId "2160767911741360"]
[EventDate "2000.02.09"]
[EventType "tourn"]
[EventRounds "10"]
[EventCountry "CAN"]

1. e4 c5 2. Nf3 Nc6 3. d4 cxd4 4. Nxd4 e5 5. Nb5 a6 6. Nd6+ Bxd6 7. Qxd6 Qf6 8. Qc7 Nge7 9. Nc3 Nb4 10. Bd3 d5 11. O-O Nxd3 12. cxd3 d4 13. Ne2 Nc6 14. f4 O-O 15. Qb6 Qd8 16. Qc5 Bg4 17. Ng3 exf4 18. Bxf4 Qa5 19. Qxa5 Nxa5 20. Rac1 1/2-1/2

[Event "Toronto-ch"]
[Site "Toronto CAN"]
[Date "2000.03.06"]
[Round "10"]
[White "Hunter, Mory"]
[Black "Evans, Bill"]
[Result "0-1"]
[WhiteElo "2059"]
[BlackElo "2175"]
[PlyCount "130"]
[GameId "2160767911741362"]
[EventDate "2000.02.09"]
[EventType "tourn"]
[EventRounds "10"]
[EventCountry "CAN"]

1. e4 d6 2. d4 Nf6 3. Nc3 g6 4. Be3 c6 5. f3 b5 6. Qd2 Nbd7 7. Bd3 a6 8. Nh3 Qc7 9. Ne2 c5 10. c3 Bb7 11. O-O e5 12. d5 c4 13. Bc2 Bg7 14. Kh1 O-O 15. Bh6 a5 16. Bxg7 Kxg7 17. Nf2 Ba6 18. Ng3 Ng8 19. h4 Qd8 20. Qg5 Qxg5 21. hxg5 h6 22. gxh6+ Nxh6 23. Nd1 b4 24. Ba4 Nc5 25. Bc6 Rab8 26. Rf2 f5 27. exf5 gxf5 28. Re2 Kf6 29. Nf2 Rg8 30. Nf1 Rg7 31. g3 Nf7 32. Kg2 Rbg8 33. a4 bxc3 34. bxc3 Rb8 35. Raa2 Rb3 36. Rec2 Nd3 37. Nxd3 cxd3 38. Nd2 Rb8 39. Rcb2 Rbg8 40. g4 e4 41. Kf2 exf3 42. Bb5 Bc8 43. Bxd3 Ne5 44. Bf1 fxg4 45. Ne4+ Ke7 46. Ng3 Rh7 47. Ke3 Rd8 48. Rd2 Bd7 49. Rd4 Rb8 50. Re4 Rhh8 51. Kd4 Rb3 52. Bb5 Rh3 53. Bxd7 Rxg3 54. Bf5 Kf6 55. Be6 Rg2 56. Rf4+ Kg6 57. Ra1 g3 58. Rh1 Rh2 59. Rd1 g2 60. Ke3 Rxc3+ 61. Kf2 Nd3+ 62. Rxd3 Rxd3 63. Bf5+ Kg5 64. Bxd3 Kxf4 65. Bb5 Rh1 0-1

[Event "Toronto-ch"]
[Site "Toronto CAN"]
[Date "2000.03.06"]
[Round "10"]
[White "Loo, Kent"]
[Black "Teodoro, Eduardo"]
[Result "0-1"]
[WhiteElo "2214"]
[BlackElo "2437"]
[PlyCount "80"]
[GameId "2160767911741363"]
[EventDate "2000.02.09"]
[EventType "tourn"]
[EventRounds "10"]
[EventCountry "CAN"]

1. c4 c5 2. g3 g6 3. Bg2 Bg7 4. Nc3 f5 5. f4 Nf6 6. Nf3 O-O 7. O-O Na6 8. d3 d6 9. Kh1 Rb8 10. Bd2 Nc7 11. Rb1 Kh8 12. b4 cxb4 13. Rxb4 Na6 14. Rb1 Nc5 15. Na4 Bd7 16. Nxc5 dxc5 17. Ne5 b6 18. Nxd7 Qxd7 19. h3 Rfd8 20. Bc3 Nh5 21. Bxg7+ Kxg7 22. Kh2 Nf6 23. Qc2 h5 24. Qc3 Qd4 25. Qxd4 Rxd4 26. Bf3 Re8 27. Rb3 e5 28. Ra3 e4 29. Rxa7+ Kh6 30. g4 hxg4 31. hxg4 g5 32. dxe4 fxe4 33. Bg2 Nxg4+ 34. Kg3 Ne3 35. fxg5+ Kxg5 36. Rg7+ Kh6 37. Rgf7 Rg8+ 38. Kh3 Rxg2 39. R1f6+ Rg6 40. Rf4 Rd1 0-1

[Event "Toronto-ch"]
[Site "Toronto CAN"]
[Date "2000.03.06"]
[Round "10"]
[White "Teodoro, Roderick"]
[Black "Vaingorten, Yaaqov"]
[Result "0-1"]
[WhiteElo "2240"]
[BlackElo "2231"]
[PlyCount "134"]
[GameId "2160767911741364"]
[EventDate "2000.02.09"]
[EventType "tourn"]
[EventRounds "10"]
[EventCountry "CAN"]

1. e4 e6 2. d4 d5 3. exd5 exd5 4. c4 Nf6 5. Nf3 Be7 6. Bd3 O-O 7. O-O dxc4 8. Bxc4 Nbd7 9. h3 Nb6 10. Bb3 Be6 11. Nc3 c6 12. Qe2 h6 13. Rd1 Nbd5 14. Ne5 Re8 15. Ne4 Nxe4 16. Qxe4 Nf6 17. Qf3 Qd5 18. Qxd5 Nxd5 19. Be3 Red8 20. a3 Kf8 21. Nf3 Bf6 22. Rac1 Rd7 23. Bc2 Rad8 24. Re1 Rd6 25. Be4 Kg8 26. Rb1 Ne7 27. Bf4 R6d7 28. Be5 Bxe5 29. dxe5 Kf8 30. Rbc1 Nd5 31. Nd4 Nf4 32. Nxe6+ Nxe6 33. g3 Rd2 34. b4 g5 35. Re3 Ke7 36. Rcc3 a6 37. Red3 R8xd3 38. Rxd3 Rxd3 39. Bxd3 Nc7 40. Bc4 f6 41. exf6+ Kxf6 42. Kg2 Ke5 43. Kf3 Nb5 44. a4 Nc3 45. a5 h5 46. Ke3 Nd5+ 47. Bxd5 cxd5 48. f3 h4 49. f4+ gxf4+ 50. gxf4+ Kf5 51. Kd4 Kxf4 52. Kxd5 Kg3 53. Kc5 Kxh3 54. Kb6 Kg4 55. Kxb7 h3 56. Kxa6 h2 57. Ka7 h1=Q 58. a6 Qh7+ 59. Kb8 Qg8+ 60. Kb7 Qf7+ 61. Kb8 Qf8+ 62. Kb7 Qxb4+ 63. Ka8 Qf8+ 64. Kb7 Qe7+ 65. Kb8 Qd8+ 66. Kb7 Qd7+ 67. Kb8 Qb5+ 0-1

[Event "Toronto-ch"]
[Site "Toronto CAN"]
[Date "2000.03.08"]
[Round "11"]
[White "Evans, Bill"]
[Black "Loo, Kent"]
[Result "1/2-1/2"]
[WhiteElo "2175"]
[BlackElo "2214"]
[PlyCount "80"]
[GameId "2160767911741365"]
[EventDate "2000.02.09"]
[EventType "tourn"]
[EventRounds "10"]
[EventCountry "CAN"]

1. d4 Nf6 2. c4 e5 3. dxe5 Ng4 4. e4 Nxe5 5. f4 Ng6 6. Be3 Bb4+ 7. Nc3 Bxc3+ 8. bxc3 O-O 9. Nf3 Nc6 10. Bd3 d6 11. O-O Bd7 12. Rb1 b6 13. Rb5 Qe7 14. Rh5 Bg4 15. Rg5 f5 16. Bc2 fxe4 17. Rxg4 exf3 18. Rxf3 Qf7 19. Rfg3 Rae8 20. Qd3 Rxe3 21. Rxe3 Nce5 22. Rxe5 dxe5 23. h4 Qe6 24. f5 e4 25. fxe6 exd3 26. Bxd3 Ne5 27. Rd4 Nxd3 28. Rxd3 Re8 29. Rd7 c5 30. Rxa7 Rxe6 31. Kf2 Re4 32. Rb7 Rxc4 33. Rxb6 Rxc3 34. Rb2 Kf7 35. Re2 Ra3 36. Rc2 Ra4 37. Kg3 Ke6 38. Rxc5 Rxa2 39. Rc7 Kf6 40. Rc6+ Kf7 1/2-1/2

[Event "Toronto-ch"]
[Site "Toronto CAN"]
[Date "2000.03.08"]
[Round "11"]
[White "Paterson, Jim"]
[Black "Hunter, Mory"]
[Result "1-0"]
[WhiteElo "2078"]
[BlackElo "2059"]
[PlyCount "71"]
[GameId "2160767911741366"]
[EventDate "2000.02.09"]
[EventType "tourn"]
[EventRounds "10"]
[EventCountry "CAN"]

1. Nf3 d6 2. d4 Bg4 3. c3 Bxf3 4. gxf3 g6 5. Qb3 Nd7 6. Qxb7 Bg7 7. Na3 Ngf6 8. Bh3 O-O 9. f4 c5 10. Bxd7 Nxd7 11. dxc5 Nxc5 12. Qf3 Rb8 13. h4 h5 14. f5 Qd7 15. fxg6 fxg6 16. Qg3 Qf5 17. f3 Rf6 18. Nc4 Re6 19. Ne3 Rxe3 20. Bxe3 Rxb2 21. O-O Nd7 22. Bd4 e5 23. e4 Qf4 24. Qxf4 exf4 25. Bxg7 Kxg7 26. Rfb1 Rxb1+ 27. Rxb1 Nc5 28. Rd1 Nb7 29. e5 Kf7 30. Rd4 Ke6 31. exd6 Nxd6 32. Rxf4 Ke5 33. Ra4 Nf5 34. Kf2 Kd5 35. Rxa7 Nxh4 36. Ra5+ 1-0

[Event "Toronto-ch"]
[Site "Toronto CAN"]
[Date "2000.03.08"]
[Round "11"]
[White "Peredun, Andrew"]
[Black "Langen, Roger"]
[Result "1-0"]
[WhiteElo "2500"]
[BlackElo "2500"]
[PlyCount "57"]
[GameId "2160767911741367"]
[EventDate "2000.02.09"]
[EventType "tourn"]
[EventRounds "10"]
[EventCountry "CAN"]

1. e4 e5 2. Bc4 f5 3. Nc3 Nf6 4. d3 Bb4 5. Nf3 Nc6 6. O-O Bxc3 7. bxc3 fxe4 8. dxe4 Qe7 9. Qe2 d6 10. Nh4 Na5 11. Bb5+ c6 12. Bd3 O-O 13. Ba3 g6 14. Rad1 c5 15. Bc1 Nh5 16. Nf5 gxf5 17. Qxh5 f4 18. f3 Be6 19. g3 Qg7 20. Kh1 Rf6 21. gxf4 Rh6 22. Qg5 Qxg5 23. fxg5 Rh3 24. Rf2 Rf8 25. Kg2 Rh4 26. Be2 Rd8 27. f4 Nc6 28. f5 Bxa2 29. Bf3 1-0

[Event "Toronto-ch"]
[Site "Toronto CAN"]
[Date "2000.03.08"]
[Round "11"]
[White "Teodoro, Eduardo"]
[Black "Bluvshtein, Mark"]
[Result "1/2-1/2"]
[WhiteElo "2437"]
[BlackElo "2252"]
[PlyCount "44"]
[GameId "2160767911741368"]
[EventDate "2000.02.09"]
[EventType "tourn"]
[EventRounds "10"]
[EventCountry "CAN"]

1. e4 e6 2. d4 d5 3. exd5 exd5 4. c4 Nf6 5. Nc3 Bb4 6. Bd3 Nc6 7. a3 dxc4 8. Be2 Ba5 9. Nf3 Ne4 10. Bd2 Nxd2 11. Qxd2 Bg4 12. Rd1 O-O 13. O-O Qf6 14. Ne5 Bxe2 15. Qxe2 Rfe8 16. f4 Nxd4 17. Qxc4 Bb6 18. Kh1 Nf5 19. Ne4 Qe6 20. Ng5 Qxc4 21. Nxc4 f6 22. Nf3 Re4 1/2-1/2

[Event "Toronto-ch Reserves"]
[Site "Toronto CAN"]
[Date "2000.02.09"]
[Round "1"]
[White "Benson, Christopher"]
[Black "Mitrovic, Bojana"]
[Result "1-0"]
[WhiteElo "1949"]
[BlackElo "1992"]
[PlyCount "59"]
[GameId "2160767911741370"]
[EventDate "2000.02.09"]
[EventType "tourn"]
[EventRounds "11"]
[EventCountry "CAN"]

1. e4 g6 2. d4 Bg7 3. Nc3 d6 4. Nf3 Nf6 5. Be2 O-O 6. O-O Nbd7 7. Bf4 c6 8. a4 Qc7 9. e5 dxe5 10. Nxe5 Qd8 11. Re1 Nd5 12. Nxd5 cxd5 13. Bf3 Nf6 14. Qd2 Bf5 15. c4 dxc4 16. Bxb7 e6 17. Bxa8 Qxa8 18. Nxc4 Ne4 19. Qe3 Rc8 20. Nd6 Nxd6 21. Bxd6 Rc2 22. a5 Rc4 23. Bc5 e5 24. Rac1 Rxc1 25. Rxc1 Qb8 26. dxe5 Bxe5 27. Bxa7 Bxh2+ 28. Kh1 Qe5 29. Qxe5 Bxe5 30. b4 1-0

[Event "Toronto-ch Reserves"]
[Site "Toronto CAN"]
[Date "2000.02.09"]
[Round "1"]
[White "Bergeron, Florian"]
[Black "De Castro, Dan"]
[Result "1/2-1/2"]
[WhiteElo "2024"]
[BlackElo "1867"]
[PlyCount "82"]
[GameId "2160767911741371"]
[EventDate "2000.02.09"]
[EventType "tourn"]
[EventRounds "11"]
[EventCountry "CAN"]

1. d4 e5 2. dxe5 Nc6 3. Nf3 Qe7 4. Nc3 Nxe5 5. e4 Nf6 6. Nxe5 Qxe5 7. f4 Qa5 8. Bd2 c6 9. e5 Nd5 10. Ne4 Qc7 11. c4 Nb6 12. Ba5 c5 13. Qe2 Be7 14. Nd6+ Kf8 15. O-O-O h5 16. Rg1 Qc6 17. b3 Rb8 18. g4 hxg4 19. Qxg4 g6 20. Nxf7 Kxf7 21. f5 g5 22. f6 Bxf6 23. exf6 Qxf6 24. Bd3 d5 25. Qxg5 Qxg5+ 26. Rxg5 dxc4 27. Rf1+ Ke7 28. Rg7+ Kd6 29. Rf6+ Kd5 30. bxc4+ Nxc4 31. Bc3 Ne5 32. Rg5 Re8 33. Bg6 Re7 34. h4 Bd7 35. h5 Rh8 36. h6 b5 37. Bf7+ Ke4 38. Bb3 b4 39. Ra6 Be8 40. Bd2 Bf7 41. Bc2+ Kd5 1/2-1/2

[Event "Toronto-ch Reserves"]
[Site "Toronto CAN"]
[Date "2000.02.09"]
[Round "1"]
[White "Cohen, David"]
[Black "Dutton, Warren"]
[Result "1/2-1/2"]
[WhiteElo "2017"]
[BlackElo "1994"]
[PlyCount "149"]
[GameId "2160767911741372"]
[EventDate "2000.02.09"]
[EventType "tourn"]
[EventRounds "11"]
[EventCountry "CAN"]

1. e4 c5 2. Nf3 Nc6 3. d4 cxd4 4. Nxd4 Nf6 5. Nc3 e5 6. Ndb5 d6 7. Bg5 a6 8. Bxf6 gxf6 9. Na3 b5 10. Nd5 Be6 11. Qh5 Rc8 12. Bd3 Bg7 13. O-O O-O 14. Ne3 Ne7 15. Rad1 Ng6 16. g3 Qd7 17. Nf5 Kh8 18. Nb1 Rc5 19. Nd2 Rg8 20. Rfe1 Bf8 21. Nf1 Nf4 22. Qf3 Nh3+ 23. Kh1 Ng5 24. Qe2 Bxf5 25. exf5 Qc6+ 26. Be4 Nxe4 27. Qxe4 Qxe4+ 28. Rxe4 Rxc2 29. Rd2 Rxd2 30. Nxd2 d5 31. Rh4 Bd6 32. Nf1 Rc8 33. Ne3 d4 34. Nd5 Rc1+ 35. Kg2 Kg7 36. Rg4+ Kf8 37. Kf3 Be7 38. Rh4 Rc5 39. Nb4 e4+ 40. Ke2 a5 41. Na6 Rc2+ 42. Ke1 e3 43. fxe3 dxe3 44. Rxh7 Rxb2 45. Rh8+ Kg7 46. Re8 Bd6 47. Rxe3 Rxh2 48. Re2 Bxg3+ 49. Kd2 Bf4+ 50. Kd3 Rh3+ 51. Ke4 Bg5 52. Nc7 b4 53. Nb5 Rh8 54. Nd6 Rd8 55. Nc4 a4 56. Rb2 Rb8 57. Rb1 Rb5 58. Rb2 Kf8 59. Rf2 b3 60. axb3 Rxb3 61. Ra2 Rb4 62. Kd5 Rb5+ 63. Ke4 Rb1 64. Rxa4 Rf1 65. Ra8+ Kg7 66. Nd6 Re1+ 67. Kf3 Re3+ 68. Kf2 Rd3 69. Ne8+ Kh6 70. Ra6 Rd5 71. Nd6 Kg7 72. Kf3 Re5 73. Kg4 Re1 74. Rc6 Re7 75. Ra6 1/2-1/2

[Event "Toronto-ch Reserves"]
[Site "Toronto CAN"]
[Date "2000.02.09"]
[Round "1"]
[White "Haziprodromu, Sam"]
[Black "Bryskine, Marina"]
[Result "0-1"]
[WhiteElo "2040"]
[BlackElo "2096"]
[PlyCount "91"]
[GameId "2160767911741373"]
[EventDate "2000.02.09"]
[EventType "tourn"]
[EventRounds "11"]
[EventCountry "CAN"]

1. e4 e5 2. Nf3 Nc6 3. Bb5 a6 4. Ba4 Nf6 5. O-O b5 6. Bb3 Bc5 7. Nxe5 Nxe5 8. d4 Bxd4 9. Qxd4 Nc6 10. Qc5 h6 11. e5 Nh7 12. Nc3 Ng5 13. f4 Ne6 14. Bxe6 fxe6 15. Be3 Ne7 16. Rad1 O-O 17. Bc1 Bb7 18. Qd4 Bc6 19. Ne4 Nf5 20. Qd3 Qe8 21. Rde1 Bd5 22. b3 Rd8 23. Ba3 Rf7 24. Rf2 Ne7 25. Ng3 Bb7 26. Qe2 Nd5 27. Qg4 b4 28. Bc1 Kh8 29. Ref1 Qe7 30. h3 Rdf8 31. Kh2 Nc3 32. Qg6 Nxa2 33. Be3 Nc3 34. Bd4 Nb5 35. Bb2 Nc3 36. Bc1 d6 37. exd6 cxd6 38. Nh5 Be4 39. Qg3 g6 40. Bb2 gxh5 41. Qe3 d5 42. f5 Bxf5 43. Rxf5 exf5 44. Qxh6+ Rh7 45. Qd2 Qe5+ 46. Kh1 0-1

[Event "Toronto-ch Reserves"]
[Site "Toronto CAN"]
[Date "2000.02.09"]
[Round "1"]
[White "Stoltefuss, Rolf"]
[Black "Richardson, Ross"]
[Result "1/2-1/2"]
[WhiteElo "1936"]
[BlackElo "1872"]
[PlyCount "46"]
[GameId "2160767911741374"]
[EventDate "2000.02.09"]
[EventType "tourn"]
[EventRounds "11"]
[EventCountry "CAN"]

1. e4 c6 2. d4 d5 3. Nd2 dxe4 4. Nxe4 Bf5 5. Ng3 Bg6 6. Nf3 Nd7 7. h4 h6 8. h5 Bh7 9. Bd3 Bxd3 10. Qxd3 e6 11. Qe2 Ngf6 12. Bd2 Be7 13. O-O-O Qc7 14. Ne5 c5 15. Nxd7 Qxd7 16. dxc5 Qc6 17. f4 O-O-O 18. Rhe1 Bxc5 19. Ne4 Nxe4 20. Qxe4 Qd5 21. Qxd5 Rxd5 22. g4 Rhd8 23. Re2 Bd4 1/2-1/2

[Event "Toronto-ch Reserves"]
[Site "Toronto CAN"]
[Date "2000.02.09"]
[Round "1"]
[White "Vucko, Ignac"]
[Black "Gebhardt, David"]
[Result "0-1"]
[WhiteElo "2040"]
[BlackElo "1923"]
[PlyCount "104"]
[GameId "2160767911741375"]
[EventDate "2000.02.09"]
[EventType "tourn"]
[EventRounds "11"]
[EventCountry "CAN"]

1. e4 c6 2. c4 d5 3. cxd5 cxd5 4. e5 Bf5 5. Qb3 Qc7 6. Bb5+ Nd7 7. Ne2 a6 8. Bxd7+ Qxd7 9. d4 Rc8 10. Nbc3 e6 11. O-O Ne7 12. Be3 Nc6 13. Ng3 Bd3 14. Nxd5 Qxd5 15. Qxd5 exd5 16. Rfd1 Bc2 17. Rd2 Bg6 18. f4 Bb4 19. Rf2 h6 20. f5 Bh7 21. Raf1 O-O 22. Nh5 Kh8 23. g4 Rc7 24. Nf4 Rd7 25. e6 fxe6 26. Nxe6 Re8 27. Rf3 Rde7 28. Bf2 Bg8 29. Nf4 Re4 30. Rd1 Bf7 31. h3 Kh7 32. h4 Bd6 33. Ng2 Rxg4 34. Kf1 Bh5 35. Rdd3 Rge4 36. Rfe3 Rxe3 37. Nxe3 Re4 38. Rb3 b5 39. Nxd5 Nxd4 40. Re3 Rxe3 41. Nxe3 Be5 42. b3 Kg8 43. Ke1 Nf3+ 44. Kf1 Nd2+ 45. Kg2 Ne4 46. Nd5 Nxf2 47. Kxf2 Be8 48. Nb4 a5 49. Nd3 Bd6 50. Kf3 Kf7 51. Kg4 Kf6 52. Nf2 h5+ 0-1

[Event "Toronto-ch Reserves"]
[Site "Toronto CAN"]
[Date "2000.02.11"]
[Round "2"]
[White "Dutton, Warren"]
[Black "Haziprodromu, Sam"]
[Result "1/2-1/2"]
[WhiteElo "1994"]
[BlackElo "2040"]
[PlyCount "69"]
[GameId "2160767911741377"]
[EventDate "2000.02.09"]
[EventType "tourn"]
[EventRounds "11"]
[EventCountry "CAN"]

1. d4 Nf6 2. c4 c5 3. d5 b5 4. cxb5 a6 5. b6 d6 6. a4 Qxb6 7. Nc3 g6 8. Nf3 Bg7 9. e4 O-O 10. Be2 Nbd7 11. O-O Bb7 12. Nd2 Ne8 13. Nc4 Qd8 14. f4 a5 15. Ra3 Nc7 16. Be3 Na6 17. Bg4 Bc8 18. Bf3 Rb8 19. Nb5 Nb4 20. Qd2 Ba6 21. Be2 Nb6 22. Nxb6 Qxb6 23. Bc4 f5 24. e5 Kh8 25. e6 Bb7 26. Rf3 Kg8 27. Rh3 Ba8 28. Bf2 Qb7 29. Rad3 Nxd3 30. Qxd3 Rf6 31. Qe2 Rd8 32. Be1 Rb8 33. Bxa5 Qa6 34. Bc3 Qxa4 35. b3 1/2-1/2

[Event "Toronto-ch Reserves"]
[Site "Toronto CAN"]
[Date "2000.02.11"]
[Round "2"]
[White "Gebhardt, David"]
[Black "Bergeron, Florian"]
[Result "1-0"]
[WhiteElo "1923"]
[BlackElo "2024"]
[PlyCount "77"]
[GameId "2160767911741378"]
[EventDate "2000.02.09"]
[EventType "tourn"]
[EventRounds "11"]
[EventCountry "CAN"]

1. e4 d5 2. exd5 Qxd5 3. Nc3 Qa5 4. d4 Nf6 5. Bd2 c6 6. Nf3 Bf5 7. Bc4 e6 8. Qe2 Bb4 9. Bb3 Nbd7 10. h3 O-O 11. g4 Bg6 12. Nh4 Nd5 13. Nxg6 hxg6 14. Nxd5 Bxd2+ 15. Qxd2 Qxd2+ 16. Kxd2 exd5 17. Rae1 Rfe8 18. c3 Kf8 19. g5 Re7 20. Rxe7 Kxe7 21. Bc2 Kd6 22. f4 b5 23. h4 a5 24. h5 Rh8 25. h6 gxh6 26. Rxh6 Rxh6 27. gxh6 Nf6 28. Ke2 Ke7 29. a4 Kf8 30. b4 bxa4 31. Bxa4 axb4 32. cxb4 Ng4 33. h7 Kg7 34. Bxc6 Nf6 35. b5 Ne4 36. b6 Nd6 37. b7 Nxb7 38. Bxb7 Kxh7 39. Bxd5 1-0

[Event "Toronto-ch Reserves"]
[Site "Toronto CAN"]
[Date "2000.02.11"]
[Round "2"]
[White "Mitrovic, Bojana"]
[Black "Cohen, David"]
[Result "1-0"]
[WhiteElo "1992"]
[BlackElo "2017"]
[PlyCount "81"]
[GameId "2160767911741379"]
[EventDate "2000.02.09"]
[EventType "tourn"]
[EventRounds "11"]
[EventCountry "CAN"]

1. d4 Nf6 2. g3 g6 3. Bg2 Bg7 4. Nf3 O-O 5. O-O d6 6. c4 c5 7. Nc3 a6 8. e4 Qc7 9. d5 Nfd7 10. Bf4 b5 11. cxb5 axb5 12. Nxb5 Qb6 13. a4 Ba6 14. Qb3 Bxb5 15. axb5 Na6 16. Bh3 Nf6 17. e5 Nh5 18. Bg5 f6 19. exd6 exd6 20. Bd2 f5 21. Ba5 Qb7 22. Ng5 Rfb8 23. Qe3 Re8 24. bxa6 Qxb2 25. Qd3 Be5 26. Rfb1 Qd4 27. Qxd4 Bxd4 28. Ra2 Rxa6 29. Ne6 Rea8 30. Nxd4 cxd4 31. Rba1 Nf6 32. Bf1 R6a7 33. Bc4 Ne4 34. f3 Nc5 35. Bb4 Rxa2 36. Rxa2 Rb8 37. Bxc5 dxc5 38. Ra7 Rc8 39. d6+ Kf8 40. Rf7+ Ke8 41. d7+ 1-0

[Event "Toronto-ch Reserves"]
[Site "Toronto CAN"]
[Date "2000.02.11"]
[Round "2"]
[White "Richardson, Ross"]
[Black "Benson, Christopher"]
[Result "1/2-1/2"]
[WhiteElo "1872"]
[BlackElo "1949"]
[PlyCount "63"]
[GameId "2160767911741380"]
[EventDate "2000.02.09"]
[EventType "tourn"]
[EventRounds "11"]
[EventCountry "CAN"]

1. d4 Nf6 2. c4 e6 3. Nc3 Bb4 4. e3 b6 5. Bd3 Bb7 6. Nf3 Ne4 7. Qc2 f5 8. O-O Bxc3 9. bxc3 O-O 10. Nd2 Qh4 11. f3 Ng5 12. Qd1 Rf6 13. Qe1 Qh5 14. e4 fxe4 15. Nxe4 Nxe4 16. Bxe4 Nc6 17. Qg3 d6 18. Bg5 Rff8 19. Rae1 h6 20. Bc1 Rf6 21. f4 Na5 22. Bxb7 Nxb7 23. Qe3 Re8 24. Qe4 Na5 25. Qd3 Qf5 26. Qe2 Rg6 27. Rf3 Rf6 28. h3 h5 29. Rg3 Rg6 30. Rf3 Rf6 31. Rg3 Rg6 32. Rf3 1/2-1/2

[Event "Toronto-ch Reserves"]
[Site "Toronto CAN"]
[Date "2000.02.13"]
[Round "2"]
[White "Bryskine, Marina"]
[Black "Vucko, Ignac"]
[Result "1-0"]
[WhiteElo "2096"]
[BlackElo "2040"]
[PlyCount "68"]
[GameId "2160767911741381"]
[EventDate "2000.02.09"]
[EventType "tourn"]
[EventRounds "11"]
[EventCountry "CAN"]

1. e4 d6 2. d4 Nf6 3. Nc3 g6 4. Nf3 Bg7 5. h3 c5 6. dxc5 Qa5 7. Bd3 dxc5 8. O-O O-O 9. Bd2 Qb6 10. Qc1 Nc6 11. Na4 Qc7 12. Nxc5 Ne5 13. Nxe5 Qxe5 14. Nb3 Qh5 15. Qd1 Qh4 16. Re1 Nh5 17. e5 f5 18. Be2 Nf4 19. Bf3 g5 20. g3 Nxh3+ 21. Kg2 Qh6 22. Rh1 f4 23. g4 Nxf2 24. Kxf2 Qb6+ 25. Kg2 Bxe5 26. Bc3 Bxc3 27. Qd3 Bg7 28. Qxh7+ Kf7 29. Bd5+ e6 30. Qh5+ Kf6 31. Be4 f3+ 32. Kf1 Qb5+ 33. Bd3 Ke7 34. Bxb5 Kd6 1-0

[Event "Toronto-ch Reserves"]
[Site "Toronto CAN"]
[Date "2000.02.16"]
[Round "3"]
[White "Benson, Christopher"]
[Black "Stoltefuss, Rolf"]
[Result "0-1"]
[WhiteElo "1949"]
[BlackElo "1936"]
[PlyCount "54"]
[GameId "2160767911741382"]
[EventDate "2000.02.09"]
[EventType "tourn"]
[EventRounds "11"]
[EventCountry "CAN"]

1. e4 e5 2. Nf3 f5 3. Nxe5 Qf6 4. d4 d6 5. Nc4 fxe4 6. Nc3 Qg6 7. Bf4 Nf6 8. Qd2 Be7 9. O-O-O a6 10. Ne3 O-O 11. Bc4+ Kh8 12. Ned5 Nxd5 13. Bxd5 Rxf4 14. Rhe1 Rf8 15. Rxe4 Bg5 16. f4 Qxe4 17. g3 Bxf4 18. gxf4 Qxf4 19. Re1 Qxd2+ 20. Kxd2 c6 21. Bg2 Nd7 22. Re7 Nf6 23. Na4 b5 24. Nc3 d5 25. a4 Rb8 26. axb5 axb5 27. b3 Rb7 0-1